Datum a čas kvízu
29
Celkem bodů
Celkový počet nahraných bodů na tomto kvízu bez doplňovacích otázek.
7.
Pořadí na kvízu
Konečné umístění týmu na tomto kvízu.
Zaznamenané odpovědi
| # | Otázka | Odpověď | Body | Výsledky |
|---|---|---|---|---|
| 1. | Bývalý starosta pražských Řepo... | (Vazební) věznice Pankrác | 1 | |
| 2. | Donald Trump v pátek, na Den n... | Velký krásný zákon (Big Beautiful Bill) | 0 | |
| 3. | Přehlídkou filmových hvězd na... | Aňa Geislerová | 1 | |
| 4. | Minulý týden jsme se dozvěděli... | za Sandru Bullock | 0 | |
| 5. | 57letý bývalý tenista, trojnás... | Boris Becker | 0 | |
| 6. | V tomto tématu se budeme zabýv... | Pilsner Urquell | 1 | |
| 7. | Jednu z legendárních reklam na... | žvýkačka | 1 | |
| 8. | Která česká tenistka si zahrál... | Karolína Plíšková | 1 | |
| 9. | Který tenista vytvořil několik... | Novak Djoković | 0 | |
| 10. | Ne vždy sportovci produktům, n... | Coca-Cola | 0 |